Statistiques concernant Villes sportives des États-Unis et du Canada

Cliquez ici pour prendre le quiz!

Statistiques générales

  • Ce quiz a été pris 86 fois
  • Le résultat moyen est 34 sur 54

Statistiques - réponses

NHLMLSMLBNBANFLRéponsePays - État ou Province% Correct
✅✅✅✅✅✅✅✅New-YorkUS - New-York
99%
✅✅✅✅✅✅✅✅Los AngelesUS - Californie
96%
DallasUS - Texas
93%
MiamiUS - Floride
91%
TorontoCA - Ontario
91%
BostonUS - Massachusetts
89%
✅✅ChicagoUS - Illinois
89%
Las VegasUS - Nevada
87%
MontrealCA - Quebec
87%
PhiladelphieUS - Pennsylvanie
86%
San FranciscoUS - Californie
86%
Washington DCUS - District of Columbia
86%
HoustonUS - Texas
84%
DenverUS - Colorado
81%
AtlantaUS - Georgie
80%
SeattleUS - Washington
79%
VancouverCA - Colombie Britannique
77%
PhoenixUS - Arizona
74%
San AntonioUS - Texas
73%
OrlandoUS - Floride
71%
PortlandUS - Oregon
71%
DetroitUS - Michigan
70%
Salt Lake CityUS - Utah
70%
IndianapolisUS - Indiana
69%
La Nouvelle OrleansUS - Louisiane
69%
CharlotteUS Caroline du Nord
66%
MinneapolisUS - Minnesota
66%
MemphisUS - Tennessee
64%
SacramentoUS - Californie
63%
Oklahoma CityUS - Oklahoma
60%
AustinUS - Texas
59%
ClevelandUS -Ohio
59%
San DiegoUS - Californie
59%
Kansas CityUS - Missouri
56%
NashvilleUS - Tennessee
56%
OttawaCA - Ontario
56%
TampaUS - Floride
54%
MilwaukeeUS - Wisconsin
51%
Saint-LouisUS - Missouri
50%
San JoseUS - Californie
49%
CalgaryCA - Alberta
47%
JacksonvilleUS - Floride
47%
BaltimoreUS - Maryland
46%
EdmontonCA - Alberta
43%
PittsburghUS - Pennsylvanie
40%
WinnipegCA - Manitoba
37%
BuffaloUS - New-York
34%
CincinnatiUS - Ohio
33%
ColumbusUS - Ohio
33%
OaklandUS - Californie
29%
Green BayUS - Wisconsin
21%
RaleighUS - Caroline du Sud
21%
NewarkUS - New Jersey
20%
AnaheimUS - Californie
19%

Distribution des résultats

Percentile par nombre de réponses

% des personnes avec chaque résultat

Votre développement - résultats

Vous n’avez pas pris ce quiz